| 000 | 00506nam a22001577a 4500 | ||
|---|---|---|---|
| 008 | 230605b |||||||| |||| 00| 0 eng d | ||
| 040 |
_aNational Science Library _cNational Science Library |
||
| 080 |
_aR 016:071 _bM3 |
||
| 245 |
_aBibliography of bibliographies in S S D C _c/ Indian Council of Social Science Research |
||
| 260 |
_aNew Delhi: _bIndian Council of Social Science Research, _c1983 |
||
| 300 | _a176p. | ||
| 500 | _a | ||
| 650 | _aLanguage | ||
| 653 | _aDictionaries | ||
| 942 |
_2udc _cPR |
||
| 999 |
_c39047 _d39047 |
||